000 00419nam a22001577a 4500
005 20180201113003.0
008 160427b xxu||||| |||| 00| 0 eng d
020 _a81-7656276-9
041 _aeng
082 _b00391
_a004
100 _aJain, Dr. Madhulika and others
_94034
245 _aInformation Technology Concepts: Gateway to Success
260 _aNew Delhi
_bBPB Publishing,
_c2002
300 _a487
942 _cBK
999 _c123
_d123